=LDR 00000nam 2200000 4500 =001 INLIS00000000000029 =005 20260702043538 =020 ##$$a 978-623-335-186-7 =082 ##$$a 928.992 =100 1#$$a Suhaeni, Neni =245 1 $$a Chairil Anwar: Sang Penyair Legendaris /$c Neni Suhaeni =300 ##$$a 70 ; 14,5 x 21